La criminología del siglo XXI en América Latina (Registro nro. 4663)

Detalles MARC
000 -Cabecera
Campo de control de longitud fija 00700aam a2200265 4500
005 - Fecha y hora de la última transacción
Campo de control 20260213181151.0
008 - Elementos de longitud fija--Información general
Campo de control de longitud fija 150416b2002 xxu||||| |||| 00| 0 spa d
020 ## - International Standard Book Number
Número Internacional Estándar del Libro (ISBN) 9507272259
041 ## - Idioma
Código de idioma Español
082 ## - Clasificación Decimal Dewey
Número de clasificación 364 EL37cr
100 ## - Entrada principal--Autor personal
Nombre personal Elbert, Carlos Alberto
9 (RLIN) 4747
245 ## - Título propiamente dicho
Título La criminología del siglo XXI en América Latina
260 ## - Pie de imprenta
Lugar de publicación, distribución, etc. Argentina
260 ## - Pie de imprenta
Nombre del editor, distribuidor, etc. Rubinzal-Culzoni
260 ## - Pie de imprenta
Fecha de publicación, distribución, etc. 2002
300 ## - Descripción física
Extensión 352 páginas
490 ## - Serie
Título de la Serie Investigación Criminal
650 ## - Materia general
Temática (materia general) CRIMINOLOGÍA
650 ## - Materia general
Temática (materia general) AMERICA LATINA
650 ## - Materia general
Temática (materia general) VICTIMOLOGÍA
650 ## - Materia general
Temática (materia general) PENSAMIENTO CRIMINOLÓGICO
650 ## - Materia general
Temática (materia general) POLITICA CRIMINAL
650 ## - Materia general
Temática (materia general) SOCIOLOGÍA DEL DELITO
942 ## - Punto de acceso adicional KOHA
Tipo de ítem KOHA Libro
Fuente del sistema de clasificación o colocación Dewey Decimal Classification
Existencias
Signatura completa Código de barras Programa Académico Tipo de ítem
364 EL37cr 9065 Investigación Criminal Libro